000 00450nam a2200169 a 4500
001 0000-8757
003 ELIB.Books
008 110520 2007
035 _a(ELIB.Books)0000-8903
082 _aB.Th
_bMer
100 _aMercy, Naw
245 _aTheology of Paul in the Epistle of Philippians
260 _bInsein: Karen Baptist Theolgical Seminary
_c2007
650 _aThesis
942 _2ddc
_cBK
998 _cbat
_e2011-05-20
999 _c8757
_d8757